000 00646nam a2200217Ii 4500
003 JO-AjNU
008 230606s9999||||xx |||||||||||||| ||und||
020 _a978-1-5264-5926-8
040 _aJO-AjNU
_beng
_erda
_cJO-AjNU
041 _aeng
050 1 4 _aLB1028.2020
100 3 _aWilliams,James,
_eauthor
_96312
245 0 0 _aHOW TO READ UNDERSTAND EDUCATIONAL RESEARCH
250 _a1th ed
264 3 1 _aLos Angeles: SAGE,2020
300 _a178p
_bIncludes bibliographical references
336 _atext
_btxt
_2rdacontent
337 _aunmediated
_bn
_2rdamedia
338 _avolume
_bnc
_2rdacarrier
650 4 _aEDUCATIONAL RESEARCH
_96313
999 _aE3274
_c3270
_d3270